000 00265nam a2200121Ia 4500
008 170620s9999 xx 000 0 und d
100 _aMEISLICH
245 0 _aORGANIC CHEMISTRY
260 _bN.DELHI TMH
260 _c1994
300 _a687
546 _aEnglish
690 _aORGANIC CHEMISTRY
999 _c30689
_d30689